Instrumental Pop and Rock Songs - Statistics

General Stats
  • This quiz has been taken 36 times
  • The average score is 9 of 20
Answer Stats
Song Year Artist % Correct
Chariots of Fire 1981 Vangelis
85%
Tubular Bells 1973 Mike Oldfield
81%
Green Onions 1962 Booker T. & The MG's
74%
Samba Pa Ti 1970 Santana
67%
Apache 1960 Shadows
63%
Albatross 1968 Fleetwood Mac
59%
Oxygène, Part 4 1976 Jean-Michel Jarre
59%
Misirlou 1962 Dick Dale & His Del-Tones
52%
Frankenstein 1973 Edgar Winter Group
52%
Jessica 1973 Allman Brothers Band
48%
Obscured By Clouds 1972 Pink Floyd
37%
YYZ 1981 Rush
37%
Sirius 1982 Alan Parsons Project
33%
Red River Rock 1959 Johnny & The Hurricanes
33%
Sylvia 1972 Focus
30%
Groovin' With Mr. Bloe 1970 Mr. Bloe
26%
Alone In Kyoto 2004 Air
22%
Pretty Little Ditty 1989 Red Hot Chili Peppers
22%
Big Sur Moon 1998 Buckethead
19%
Scotland's Shame 2008 Mogwai
19%
No matching quizzes found
Score Distribution
Percent of People with Each Score
Percentile by Number Answered
Your Score History
You have not taken this quiz